000 00790nam a2200289 a 4500
001 vtls001438566
003 NLI
005 20210627122019.0
008 121130n ii 000 0 eng
039 9 _y201211301643
_zVLOAD
040 _aNLI
_beng
_cDatasoft_GENG
_eAACR2
041 0 _aeng
044 _aii
082 0 4 _a211
100 1 _aKanal, S. P.
_91003416
245 1 0 _aWhat can take the place of God in religion? /
_cS. P. Kanal
260 _aNew Delhi :
_bDev Samaj Prakashan,
_c[n.d.]
300 _a16 p. ;
_c22 cm.
650 0 _aGod
_9695485
650 0 _aGod
_xHistory of doctrines
887 _a
901 _aDB59937
_b25.08.1991
902 _aE 211 K 131
904 _l768
949 _AVIRTUAITEM
_D10000
_X100
_6DBA000059937ENG
942 _2ddc
_cBKS
999 _aVIRTUA40
_c891737
_d891737